01671nam a2200313Ia 4500008004100000020001800041050001900059082001500078245013700093260012300230300001800353337001000371338001400381339001200395440002400407500007600431505036300507650003900870700003700909700003500946700002500981700003201006700003601038700004401074942001201118952010901130952010101239999001701340120626s20102013mx 000 0 spa d a9786074622010 aF1210 E72 2010 a917.2 H629 aHistoria mínima de la vida cotidiana en México c/ Pablo Escalante Gonzalbo, ...[et. al]; epílogo de Veronica Zárate Toscano aMéxico b: El Colegio de México, Centro de Estudios Historicos, Seminario de Historia de la Vida Cotidianac, 2010 a293 páginas atexto asin medio avolumen a(Historia mínima) aReimpresiones: Primera reimp. de 2013 Incluye bibliografía p. 287-293 aPablo Escalante Gonzalbo - La vida cotidiana entre los antiguos Nahuas. Pilar Gonzalbo Aizpuru - La vida cotidiana en la nueva España. Anne Staples - El siglo XIX. Engracia Loyo Bravo - El México revolucionario (1910-1940). Cecilia Greaves Lainé - El México contemporáneo (1940-1980). Verónica Zárate Toscano - Epílogo : los últimos años.14aMÉXICOxVIDA SOCIAL Y COSTUMBRES aEscalante Gonzalbo, Pablo, autor aGonzalbo Aizpuru, Pilar, autor aStaples, Anne, autor aLoyo Bravo, Engracia, autor aGreaves Lainé, Cecilia, autor aZárate Toscano, Verónica, epílogo cLB2ddc 00102ddc4070a01b01d2015-05-27l2o917.2 H629p01 004504r2017-12-06s2017-12-06t1w2015-05-27yLB 00102lcc4070a01b01d2022-10-01l0oF1210 E72 2010p16 002223r2023-07-12t1w2022-10-01yLB c72851d72851